000 00583nam a22001697a 4500
003 UA-OsUOA
001 18495
007 ta
008 20040520b un ||||| |||| 00| 0 ukr d
942 _cSA
040 _aUA-OsUOA
_cUA-OsUOA
_dUA-OsUOA
245 _aКонцерт-реквієм [до роковин чорнобил. трагедії пройшов у Костопіл. район. будинку культури]
300 _aС.3
955 _a0
773 0 _w0
_tВічеве слово
_dКостопіль
_d2004
_g№18/1 трав./
650 7 _aКлубна робота
_2UDC
999 _c304666
_d304666